000 00956nam a2200241 a 4500
003 SISC
005 20170117093910.0
008 130129s19uu xx 00 eng d
020 _a9781118004630
050 _aHD 30.23
_b.H344 2011
100 _aHale, Guy A.
245 _aThink fast! :
_baccurate decision-making, problem-solving, and planning in minutes a day /
_cGuy A. Hale.
260 _aHoboken, NJ :
_bWiley,
_c2011.
300 _a192 pages. :
_c23 cm.
500 _aIncludes index.
520 _aApply proven critical thinking processes and supercharge your business Alamo Learning Systems has been providing Critical Thinking Skills (CTS), problem solving, decision-making, preventive action, and innovation training solutions to the corporate world for more than 35 years
650 _aDecision making
650 _aProblem solving
650 _aCritical thinking
650 _aManagement
942 _cBK
_2lcc
_kFOR
999 _c25416
_d25416